|
|
|
|
| LEADER |
00000ny a22000003n 4500 |
| 005 |
20110512113227.0 |
| 008 |
090309t19789999us j eng c |
| 022 |
|
|
|a 0742-3330
|
| 022 |
|
|
|a 1941-9511
|
| 035 |
|
|
|a 3211
|
| 040 |
|
|
|a UMA.RE
|d vLex
|
| 090 |
|
|
|c 1755
|d 1755
|
| 245 |
3 |
0 |
|a Serbian Studies
|h [Recurso electrn̤ico]
|b Journal of the North American Society for Serbian Studies
|
| 256 |
|
|
|a Servicio en ln̕ea
|
| 260 |
|
|
|a Indiana :
|b Slavica Publishers
|
| 310 |
|
|
|a Semestral
|
| 506 |
1 |
|
|a Contenido solo disponible en los productos indicados
|d vLex Global
|d vLex Global (Academic Edition, excluding Law Schools)
|d vLex Global (Academic Edition, Law Schools)
|
| 651 |
|
4 |
|a Europa
|x Emigracin̤ e inmigracin̤
|x Historia
|
| 651 |
|
4 |
|a Serbia
|x Civilizacin̤
|x Publicaciones perid̤icas
|
| 710 |
2 |
|
|a North American Society for Serbian Studies
|
| 740 |
0 |
|
|a vLex Revista (Servicios en ln̕ea)
|
| 843 |
|
|
|a Electrn̤ica. Abierta
|
| 853 |
|
|
|8 1
|i (year)
|j (month)
|k (day)
|
| 856 |
4 |
0 |
|z Acceso restringido
|u http://vlex.com/account/login_ip?fuente_id=3211
|
| 942 |
|
|
|c REV
|
| 999 |
0 |
4 |
|a Emigrantes serbios
|z Estados Unidos
|
| 999 |
0 |
4 |
|a Serbia
|